LEADER 03354nam0 22006493i 450 001 LO10008071 005 20251003044204.0 020 $aIT$b71-200 100 $a19910911d1971 ||||0itac50 ba 101 | $aita$cita 102 $ait 181 1$6z01$ai $bxxxe 182 1$6z01$an 183 1$6z01$anc$2RDAcarrier 200 1 $aˆIl ‰capitale finanziario in Italia$fPietro Grifone$g[introduzione di Vittorio Foa] 210 $aTorino$cG. Einaudi$d[1971] 215 $aLVI, 211 p.$d18 cm 225 | $aPiccola biblioteca Einaudi$v151 300 $aIn cop.: La politica economica del fascismo 410 0$1001CFI0010621$12001 $aPiccola biblioteca Einaudi$v151 500 10$aˆIl ‰capitale finanziario in Italia$3PAR1273856$9RAVV027953$934442 606 $aItalia$xEconomia$xStoria$2FIR$3CFIC055549$9E 606 $aFascismo$xPolitica economica$2FIR$3SBLC002032$9I 676 $a330.945$9SITUAZIONI E CONDIZIONI ECONOMICHE. ITALIA$v19 676 $a330.945$9SITUAZIONI E CONDIZIONI ECONOMICHE. Italia$v20 676 $a330.945$9SITUAZIONI E CONDIZIONI ECONOMICHE. ITALIA$v21 676 $a330.945091$9SITUAZIONI E CONDIZIONI ECONOMICHE. ITALIA. 1918-1946$v19 676 $a330.945091$9SITUAZIONI E CONDIZIONI ECONOMICHE. ITALIA. 1900-1946$v21 676 $a330.945091$9SITUAZIONI E CONDIZIONI ECONOMICHE. Italia. Regno di Vittorio Emanuele III, 1900-1946$v22 676 $a332.024$9$v12 676 $a336.45$9FINANZA PUBBLICA. Italia$v21 676 $a338.945$9SVILUPPO ECONOMICO E POLITICHE DI SVILUPPO. Italia$v12 686 $aIT/X422.6$cPOLITICA ECONOMICA ITALIA$2R 686 $aIT/X435.1$cPOLITICA E LEGISLAZIONE FINANZIARIA ITALIA$2R 686 $aIT/X435.5$cMERCATO FINANZIARIO BORSE VALORI ITALIA$2R 686 $aSe.i.9.0$cStoria dell'economia italiana. 1919-1940. La politica economica fascista$2F 686 $aSe.i.9.3.4$cStoria dell'economia italiana. 1919-1940. Il sistema bancario, creditizio e assicurativo$2F 696 $aEconomia reale$aAttività economiche$aAspetti economici 699 $aEconomia$yEconomia reale 699 $aEconomia$zAttività economiche 699 $aEconomia$zAspetti economici 700 1$aGrifone$b, Pietro$3RAVV027953$0437529 702 1$aFoa$b, Vittorio$3PUVV212891$4080 790 1$aInverni$b, Carlo$3LO1V151816$zFoa, Vittorio 801 3$aIT$bIT-000000$c19910911 850 $aIT-BN0095 $aIT-SA0037 $aIT-SA0252 $aIT-AV0007 $aIT-NA0079 $aIT-NA0230 $aIT-NA0817 $aIT-BN0015 901 $bNAP 83$cIAN $n$ 901 $bNAP OS$cBIBLIOTECA$n$ 901 $bNAP IR$cLA SAP. $n$ 901 $bNAP AV$cSEZ. M $nSezione Moderna 901 $bNAP 42$cS. MODERNA$n$ 901 $bNAP 01$cPOZZO LIB.$nVi sono collocati fondi di economia, periodici di ingegneria e scienze, periodici di economia e statistica e altri fondi comprendenti documenti di economia pervenuti in dono. 912 $aLO10008071 950 0$aBiblioteca Centralizzata di Ateneo$c1 v.$d 01POZZO LIB.ECON MON 7882$e 0101 0000109625E VMA 1 v. (Precedente collocazione: GUERRAZZI A 413)$fB $h20091214$i20091214 977 $a 01$a 42$a 83$a AV$a BN$a IR$a OS$a PB 996 $aCapitale finanziario in Italia$934442 997 $aUNISANNIO LEADER 09726nam 22007695 450 001 9910485604903321 005 20260317091859.0 010 $a3-030-79150-5 024 7 $a10.1007/978-3-030-79150-6 035 $a(CKB)5590000000503262 035 $a(MiAaPQ)EBC6668433 035 $a(Au-PeEL)EBL6668433 035 $a(OCoLC)1257550054 035 $a(PPN)257360085 035 $a(DE-He213)978-3-030-79150-6 035 $a(EXLCZ)995590000000503262 100 $a20210618d2021 u| 0 101 0 $aeng 135 $aurcnu|||||||| 181 $ctxt$2rdacontent 182 $cc$2rdamedia 183 $acr$2rdacarrier 200 10$aArtificial Intelligence Applications and Innovations $e17th IFIP WG 12.5 International Conference, AIAI 2021, Hersonissos, Crete, Greece, June 25?27, 2021, Proceedings /$fedited by Ilias Maglogiannis, John Macintyre, Lazaros Iliadis 205 $a1st ed. 2021. 210 1$aCham :$cSpringer International Publishing :$cImprint: Springer,$d2021. 215 $a1 online resource (801 pages) 225 1 $aIFIP Advances in Information and Communication Technology,$x1868-422X ;$v627 311 08$a3-030-79149-1 320 $aIncludes bibliographical references and index. 327 $aAdaptive Modeling, Neuroscience -- ?If Only I Would Have Done That...?: A Controlled Adaptive Network Model for Learning by Counterfactual Thinking -- A Computational Model for the Second-Order Adaptive Causal Relationships between Anxiety, Stress and Physical Exercise -- AI in Biomedical Applications -- ebioMelDB: Multi-modal database for melanoma and its application on estimating patient prognosis -- Improved Biomedical Entity Recognition via longer context modelling -- Scalable NPairLoss-based Deep-ECG for ECG Verification -- A Comparative Study of Embedded Feature Selection Methods on Microarray data -- AI Impacts/Big Data -- The AI4Media project: Use of Next-generation Artificial Intelligence Technologies for Media Sector Applications -- Regression Predictive Model to analyze Big Data Analytics in Supply Chain Management -- Automated Machine Learning -- An Automated Machine Learning Approach for Predicting Chemical Laboratory Material Consumption -- An Ontology-Based Concept for Meta AutoML -- Object Migration Automata for Non-Equal Partitioning Problems with Known Partition Sizes -- Autonomous Agents -- Enhanced Security Framework for Enabling Facial Recognition in Autonomous Shuttles Public Transportation during COVID-19 -- Evaluating Task-General Resilience Mechanisms in a Multi-Robot Team Task -- Clustering -- A Multi-View Clustering Approach for Analysis of Streaming Data -- Efficient Approaches for Density-Based Spatial Clustering of Applications with Noise -- Self-organizing maps for optimized robotic trajectory planning applied to surface coating -- Convolutional Neural Networks -- An autoencoder convolutional neural network framework for Sarcopenia detection based on multi-frame ultrasound image slices -- Automatic Classification of XCT Images in Manufacturing -- Cross-lingual Approaches for Task-specific Dialogue ActRecognition -- Just-in-time Biomass Yield Estimation with Multi-Modal Data and Variable Patch Training Size -- Robustness testing of AI systems: A case study for traffic sign recognition -- Data Mining/ Word Counts -- BIBLIOBICLUSTER: A bicluster algorithm for Bibliometrics -- Topic identification via human interpretation of word clouds: The case of Instagram hashtags -- Deep Learning -- A Comparative Study of Deep Learning Techniques for Financial Indices Prediction -- An Effective Loss Function for Generating 3D Models from Single 2D Image without Rendering -- Collaborative Edge-Cloud Computing for Personalized Fall Detection -- Deep Dense and Convolutional Autoencoders for Machine Acoustic Anomaly Detection -- Neural Network Compression Through Shunt Connections and Knowledge Distillation for Semantic Segmentation Problems -- System-wide anomaly detection of industrial control systems via deep learning and correlation analysis -- Verification of Size Invariance in DNN Activations using Concept Embeddings -- Artificial Intelligence in Music Composition -- Deep Learning and AI for Optimization in 5GTechnology -- Fuzzy Modeling -- Intuitionistic Fuzzy Neural Network for Time Series Forecasting - The Case of Metal Prices -- Hyperdimensional Computing -- PQ-HDC: Projection-based Quantization Scheme for Flexible and Efficient Hyperdimensional Computing -- Hyperdimensional Computing with Learnable Projection for User Adaptation Framework -- Internet of Things/Internet of Energy -- ?SAVE? ? an Integrated Approach of Personal and Home Safety for Active Assisted Living -- BEMS in the Era of Internet of Energy: A Review -- Machine Learning -- A Survey of Methods for Detection and Correction of Noisy Labels in Time Series Data -- An automated tool to support an intelligence learner management system using Learning Analytics and Machine Learning -- Classification of Point Clouds with Neural Networks and Continuum-Type Memories -- Cyber Supply Chain Threat Analysis and Prediction using Machine Learning and Ontology -- Intelligent Techniques and Hybrid SystemsExperiments Using the Acumen Modeling and Simulation Environment -- Predicting CO2 Emissions for Buildings Using Regression and Classification -- Robust Pose Estimation Based on Maximum Correntropy Criterion -- The Generative Adversarial Random Neural Network -- Using Machine Learning Methods to Predict Subscriber Churn of a Web-based Drug Information Platform -- Analysis and Prediction for House Sales Price Using a Hybrid Machine Learning Approach -- Multi Agent Systems -- Dynamic Plume Tracking Utilizing Symbiotic Heterogeneous Remote Sensing Platforms -- Improving the flexibility of production scheduling in flat steel production through standard and AI-based approaches: challenges and perspectives -- Natural Language -- A comparative assessment of state-of-the-art methods for multilingual unsupervised keyphrase extraction -- An Approach Utilizing Linguistic Features for Fake News Detection -- CEA-TM: A Customer Experience Analysis framework based on Contextual-aware Topic Modelingapproach -- Machine Learning Meets Natural Language Processing - The story so far -- SemAI: A Novel Approach for Achieving Enhanced Semantic Interoperability in Public Policies -- Recommendation Systems -- Optimization of Multi-Stakeholder Recommender Systems for Diversity and Coverage -- Recommending Database Architectures For Social Queries: A Twitter Case Study -- Science4Fashion: An Autonomous Recommendation System for Fashion Designers -- Sentiment Analysis -- A two-step optimised BERT-based NLP algorithm for extracting sentiment from financial news -- Learning Sentiment-aware Trading Strategies for Bitcoin leveraging Deep Learning-based Financial News Analysis -- Smart Blockchain Applications/ Cybersecurity -- Federated Blockchained Supply Chain Management: A CyberSecurity and Privacy Framework -- Validation and Verification for Data Marketplaces. 330 $aThis book constitutes the refereed proceedings of the 17th IFIP WG 12.5 International Conference on Artificial Intelligence Applications and Innovations, AIAI 2021, held virtually and in Hersonissos, Crete, Greece, in June 2021. The 50 full papers and 11 short papers presented were carefully reviewed and selected from 113 submissions. They cover a broad range of topics related to technical, legal, and ethical aspects of artificial intelligence systems and their applications and are organized in the following sections: adaptive modeling/ neuroscience; AI in biomedical applications; AI impacts/ big data; automated machine learning; autonomous agents; clustering; convolutional NN; data mining/ word counts; deep learning; fuzzy modeling; hyperdimensional computing; Internet of Things/ Internet of energy; machine learning; multi-agent systems; natural language; recommendation systems; sentiment analysis; and smart blockchain applications/ cybersecurity. Chapter ?Improving the Flexibility of Production Scheduling in Flat Steel Production Through Standard and AI-based Approaches: Challenges and Perspective? is available open access under a Creative Commons Attribution 4.0 International License via link.springer.com. 410 0$aIFIP Advances in Information and Communication Technology,$x1868-422X ;$v627 606 $aArtificial intelligence 606 $aApplication software 606 $aComputer networks 606 $aDatabase management 606 $aComputer vision 606 $aArtificial Intelligence 606 $aComputer and Information Systems Applications 606 $aComputer Communication Networks 606 $aDatabase Management 606 $aComputer Vision 606 $aIntel·ligència artificial$2thub 608 $aCongressos$2thub 608 $aLlibres electrònics$2thub 615 0$aArtificial intelligence. 615 0$aApplication software. 615 0$aComputer networks. 615 0$aDatabase management. 615 0$aComputer vision. 615 14$aArtificial Intelligence. 615 24$aComputer and Information Systems Applications. 615 24$aComputer Communication Networks. 615 24$aDatabase Management. 615 24$aComputer Vision. 615 7$aIntel·ligència artificial 676 $a006.3 702 $aMaglogiannis$b Ilias G. 702 $aMacIntyre$b J. D$g(John D.), 702 $aIliadis$b Lazaros S. 801 0$bMiAaPQ 801 1$bMiAaPQ 801 2$bMiAaPQ 906 $aBOOK 912 $a9910485604903321 996 $aArtificial Intelligence Applications and Innovations$91918852 997 $aUNINA